<?xml version="1.0" encoding="UTF-8"?>
<record
    xmlns:xsi="http://www.w3.org/2001/XMLSchema-instance"
    xsi:schemaLocation="http://www.loc.gov/MARC21/slim http://www.loc.gov/standards/marcxml/schema/MARC21slim.xsd"
    xmlns="http://www.loc.gov/MARC21/slim">

  <leader>02140njm a2200373Ia 4500</leader>
  <controlfield tag="001">B5376</controlfield>
  <controlfield tag="003">IT-RoPAU</controlfield>
  <controlfield tag="005">20220918181117.0</controlfield>
  <controlfield tag="008">131025s9999    xx            000 0 und d</controlfield>
  <datafield tag="040" ind1=" " ind2=" ">
    <subfield code="a">IT-RoPAU</subfield>
  </datafield>
  <datafield tag="040" ind1=" " ind2=" ">
    <subfield code="c">IT-RoPAU</subfield>
  </datafield>
  <datafield tag="999" ind1=" " ind2=" ">
    <subfield code="c">99526</subfield>
    <subfield code="d">99526</subfield>
  </datafield>
  <datafield tag="999" ind1=" " ind2=" ">
    <subfield code="b">n.d.</subfield>
  </datafield>
  <datafield tag="100" ind1=" " ind2=" ">
    <subfield code="a">AA.VV.</subfield>
    <subfield code="9">794</subfield>
  </datafield>
  <datafield tag="100" ind1=" " ind2=" ">
    <subfield code="e">Autore musica</subfield>
    <subfield code="9">29057</subfield>
  </datafield>
  <datafield tag="100" ind1=" " ind2=" ">
    <subfield code="g">Codice autore musica SPICS: 12000</subfield>
    <subfield code="9">796</subfield>
  </datafield>
  <datafield tag="245" ind1=" " ind2=" ">
    <subfield code="a">Great Love Duets - Celebres duos d'amour</subfield>
  </datafield>
  <datafield tag="250" ind1=" " ind2=" ">
    <subfield code="a">1a ed.</subfield>
  </datafield>
  <datafield tag="260" ind1=" " ind2=" ">
    <subfield code="a">LONDON</subfield>
  </datafield>
  <datafield tag="260" ind1=" " ind2=" ">
    <subfield code="b">DECCA RECORD COMPANY</subfield>
    <subfield code="c">1986 [1a Ed.:1986]</subfield>
  </datafield>
  <datafield tag="300" ind1=" " ind2=" ">
    <subfield code="a">MUSICASSETTA</subfield>
  </datafield>
  <datafield tag="300" ind1=" " ind2=" ">
    <subfield code="c">63 minuti (Testo: 0 pag.)</subfield>
  </datafield>
  <datafield tag="500" ind1=" " ind2=" ">
    <subfield code="a">Musica classica. Musica lirica.</subfield>
  </datafield>
  <datafield tag="505" ind1=" " ind2=" ">
    <subfield code="a">O soave fanciulla [(Mim&#xEC;, Rodolfo) (da La Boheme) (4:00)] - Mario! Mario! Mario! [(Tosca, Cavaradossi) (da Tosca) (13:00)] - Parigi, o cara [(Violetta, Alfredo) (da La Traviata) (4:00)] - Gi&#xE0; nella notte densa [(Desdemona, Otello) (da Otello) (11:00)] - Un d&#xEC; felice [(Violetta, Alfredo) (da La Traviata) (4:00)] - Ma chi vien?... Oh! la sinistra voce! [(da La Gioconda) (7:00)] - Tu, tu, amore tu? [(da Manon Lescaut) (8:00)] - Bimba dagli occhi pieni di malia [(da Madama Butterfly) (12:00)]</subfield>
  </datafield>
  <datafield tag="511" ind1=" " ind2=" ">
    <subfield code="a">Orchestra dell'Accademia di Santa Cecilia Roma diretta da Serafin Tullio</subfield>
  </datafield>
  <datafield tag="511" ind1=" " ind2=" ">
    <subfield code="a">Orchestra dell'Accademia di Santa Cecilia Roma diretta da Molinari-Pradelli F.</subfield>
  </datafield>
  <datafield tag="511" ind1=" " ind2=" ">
    <subfield code="a">Wiener Philharmoniker diretti da Von Karajan Herbert</subfield>
  </datafield>
  <datafield tag="511" ind1=" " ind2=" ">
    <subfield code="a">Orchestra dell'Accademia di Santa Cecilia di Roma diretta da Molinari Francesco</subfield>
  </datafield>
  <datafield tag="511" ind1=" " ind2=" ">
    <subfield code="a">Orchestre de la Suisse Romande diretta da Guadagno Anton</subfield>
  </datafield>
  <datafield tag="650" ind1=" " ind2=" ">
    <subfield code="a">OPERA LIRICA [CASSETTE]</subfield>
    <subfield code="e">Codice MATERIA SPICS: 9951</subfield>
    <subfield code="9">29058</subfield>
  </datafield>
  <datafield tag="700" ind1=" " ind2=" ">
    <subfield code="a">Puccini Giacomo</subfield>
    <subfield code="d">Codice autore musica SPICS: 11082</subfield>
    <subfield code="e">Autore musica</subfield>
    <subfield code="p">O soave fanciulla - Mario! Mario! Mario! - Tu, tu, amore tu? - Bimba dagli occhi pieni di malia</subfield>
    <subfield code="9">29059</subfield>
  </datafield>
  <datafield tag="700" ind1=" " ind2=" ">
    <subfield code="a">Verdi Giuseppe</subfield>
    <subfield code="d">Codice autore musica SPICS: 89</subfield>
    <subfield code="e">Autore musica</subfield>
    <subfield code="p">Parigi, o cara - Gi&#xE0; nella notte densa - Un d&#xEC; felice</subfield>
    <subfield code="9">29060</subfield>
  </datafield>
  <datafield tag="700" ind1=" " ind2=" ">
    <subfield code="a">Ponchielli Amilcare</subfield>
    <subfield code="d">Codice autore musica SPICS: 13061</subfield>
    <subfield code="e">Autore musica</subfield>
    <subfield code="p">Ma chi vien?... Oh! la sinistra voce!</subfield>
    <subfield code="9">29061</subfield>
  </datafield>
  <datafield tag="942" ind1=" " ind2=" ">
    <subfield code="c">MC</subfield>
    <subfield code="2">ddc</subfield>
  </datafield>
  <datafield tag="952" ind1=" " ind2=" ">
    <subfield code="0">0</subfield>
    <subfield code="1">0</subfield>
    <subfield code="4">0</subfield>
    <subfield code="6">B_5376_000000000000000</subfield>
    <subfield code="7">1</subfield>
    <subfield code="a">SPICS</subfield>
    <subfield code="b">SPICS</subfield>
    <subfield code="d">2013-10-25</subfield>
    <subfield code="l">0</subfield>
    <subfield code="o">B5376</subfield>
    <subfield code="r">2013-10-25 00:00:00</subfield>
    <subfield code="w">2013-10-25</subfield>
    <subfield code="y">MC</subfield>
    <subfield code="z">Progr. Ins.: 712 / N.Vol.: 1 / Copie: 1 - Copia rara: n.d. / date import: 01.01.2014 - By Epidotti, Trombetti, Vaglietti</subfield>
  </datafield>
</record>
